000 00760nam a2200217Ia 4500
008 130821s1998 ck gr spa
020 _a958962587
040 _aCo-BoUCM
_bspa
041 0 0 _aspa
100 _aVillamizar Daza, Helman
_9892
245 0 0 _aCrónicas de vida y muerte
_cHelman Villamizar Daza
260 _aBucaramanga (Colombia)
_bSistemas y Computadores
_c1998
300 _a158 páginas
504 _aIncluye índice
600 _aVillamizar Daza, Helman
_9892
600 _aVillamizar Daza, Helman
_vEnsayos
_vCongresos, conferencias, etc.
_9157789
650 0 4 _aEnsayos colombianos
_914557
650 0 4 _aEnsayos, conferencias, etc.
_97572
942 _cLIBRO
_a18
_e1
_kC
_mV712C
_2DEWEY
_h868.44
999 _c29065
_d29065